| 000 | 01003nas a2200325 4500 | ||
|---|---|---|---|
| 001 | BR8103663 | ||
| 003 | BR-BrBNA | ||
| 005 | 20231205084805.0 | ||
| 007 | ta | ||
| 008 | 230509b bl.|||p| |||| 00| 00por d | ||
| 040 |
_aBR-BrBNA _bpor _cBiblioteca Nacional de Agricultura |
||
| 041 | _a(Pt) | ||
| 072 | _aN20; F00 | ||
| 100 | 1 | _aRipoli, T.C. | |
| 100 | 1 | _aBerto, P.N.A. | |
| 245 | 1 | _aAvaliacao de desempenho de colhedores de cana-de-acucar na regiao de Campos, RJ [Saccharum spp; Colheita mecanica; Rio de Janeiro; Brasil] | |
| 650 | _aEquipamento rural | ||
| 650 | _aProducao vegetal | ||
| 650 | _aColheitadeira | ||
| 650 | _aCana de acucar | ||
| 650 | _aColheita mecanica | ||
| 650 | _aMecanizacao agricola | ||
| 650 | _aCombinada | ||
| 650 | _aRendimento | ||
| 650 | _aRio de Janeiro | ||
| 650 | _aCampos | ||
| 773 | 0 |
_tBrasil Acucareiro (Brazil) _xISSN 0006-9167 _g(Feb 1981), v. 97(2) p. 20-31 _wBR8103663 |
|
| 909 |
_a202311 _bLúcia _c55 _dLúcia Elande |
||
| 942 |
_2AGRIS _n0 _cANA |
||
| 999 |
_c107297 _d107297 |
||